| 000 | 01154cab a2200433 4500 | ||
|---|---|---|---|
| 001 | ABS51530 | ||
| 008 | 090401t1994 xxu||||| |||| 00| 0 eng d | ||
| 035 | _a(Sirsi) u31991 | ||
| 041 | _aeng | ||
| 245 | _aCentrefolio: North West | ||
| 260 | _c1994 | ||
| 350 | _a0 | ||
| 490 |
_aProperty Week _v49(4) 27 October 1994, 37-63(11) |
||
| 650 | _aA55 | ||
| 650 | _aCHESHIRE | ||
| 650 | _aCHESTER | ||
| 650 | _aCONGLETON | ||
| 650 | _aCREWE | ||
| 650 | _aINDUSTRIAL MARKET | ||
| 650 | _aLANCASHIRE | ||
| 650 | _aLIVERPOOL | ||
| 650 | _aMACCLESFIELD | ||
| 650 | _aMANCHESTER AIRPORT | ||
| 650 | _aMANCHESTER | ||
| 650 | _aMERSEY PARTNERSHIP | ||
| 650 | _aMERSEYSIDE | ||
| 650 | _aNORTH WALES | ||
| 650 | _aPROPERTY-COMMERCIAL PROPERTY-OFFICE PROPERTY-OFFICE PROPERTY MARKET | ||
| 650 | _aPLANNING ISSUES | ||
| 650 | _aPROPERTY-COMMERCIAL PROPERTY-RETAIL PROPERTY-RETAIL PROPERTY MARKET | ||
| 650 | _aSPEKE | ||
| 650 | _aTRANSPORT ISSUES | ||
| 650 | _aWALES | ||
| 650 | _aWARRINGTON | ||
| 650 | _aWILMSLOW | ||
| 690 | _aPROPERTY-COMMERCIAL PROPERTY-COMMERCIAL PROPERTY MARKET | ||
| 942 | _n0 | ||
| 948 | _c04/03/1997 | ||
| 999 |
_c21469 _d21469 |
||